Pokemon Trivia #1 - Statistics

General Stats
  • This quiz has been taken 533 times
  • The average score is 13 of 15
Answer Stats
Hint Answer % Correct
Pokémon #001 Bulbasaur
99%
Has several different 'Eevolutions' Eevee
99%
Fat Pokémon who sleeps Snorlax
98%
In the TV series, this Pokémon can talk Meowth
95%
Most Famous Pokémon Pikachu
95%
Unova's fire-type starter Pokémon Tepig
93%
This pokemon has fire coming out of it's butt, and evolves into Quilava Cyndaquil
90%
Plusle and.. Minun
90%
Meditite evolves into.. Medicham
88%
Servine evolves into.. Serperior
85%
Evolves into Braixen Fennekin
84%
Evolves into Excadrill Drilbur
82%
Yveltal is a ________ Pokémon Legendary
81%
Fat Pokémon who eats Munchlax
72%
This Pokémon wears a scalchop Oshawott
65%
No matching quizzes found
Score Distribution
Percent of People with Each Score
Percentile by Number Answered
Your Score History
You have not taken this quiz